Význam big dat pro budoucnost bankovnictví
Finančné inštitúcie potrebujú mať schopnosť tvorby uceleného digitálneho pohľadu na zákazníka. To je možné dosiahnuť zberom a následným vyhodnotením relevantných dát zo všetkých interných a externých zdrojov. Reakciou na túto výzvu sú big dáta. Výzvy a prínos big dát v bankovníctve. Ilustračná sché...
Na minha lista:
| Autor principal: | |
|---|---|
| Formato: | Capítulo de Livro |
| Idioma: | tcheco |
| Assuntos: | |
| Tags: |
Sem tags, seja o primeiro a adicionar uma tag!
|
MARC
| LEADER | 00000naa a2200000 4500 | ||
|---|---|---|---|
| 001 | 0246487 | ||
| 005 | 20181128131401.4 | ||
| 041 | 0 | |a cze | |
| 044 | |a CZ | ||
| 245 | 1 | 0 | |a Význam big dat pro budoucnost bankovnictví |c Ján Čechura |
| 520 | |a Finančné inštitúcie potrebujú mať schopnosť tvorby uceleného digitálneho pohľadu na zákazníka. To je možné dosiahnuť zberom a následným vyhodnotením relevantných dát zo všetkých interných a externých zdrojov. Reakciou na túto výzvu sú big dáta. Výzvy a prínos big dát v bankovníctve. Ilustračná schéma spracovania a využitia big dát v bankovníctve. | ||
| 610 | 2 | 0 | |a riadenie rizík |
| 610 | 2 | 0 | |a bezpečnosť elektronická |
| 610 | 2 | 0 | |a analýza dát |
| 610 | 2 | 0 | |a bankovníctvo |
| 610 | 2 | 0 | |a báza dát |
| 610 | 2 | 0 | |a spracovanie dát |
| 100 | 1 | |a Čechura, Jan | |